Countries of the World - Harder - Statistics

General Stats
  • This quiz has been taken 20 times
  • The average score is 144 of 196
Answers on the Map
Answers color-coded by a green-red scale on the quiz's map according to % correct below.
 
Answer Stats
Country % Correct
United States
100%
Canada
93%
Mexico
93%
Argentina
86%
Australia
86%
Austria
86%
Belarus
86%
Belgium
86%
Bolivia
86%
Bosnia and Herzegovina
86%
Brazil
86%
Chile
86%
China
86%
Cuba
86%
Democratic Republic of the Congo
86%
Estonia
86%
Finland
86%
France
86%
Germany
86%
Greece
86%
Hungary
86%
Iceland
86%
India
86%
Indonesia
86%
Ireland
86%
Italy
86%
Japan
86%
Latvia
86%
Lithuania
86%
Madagascar
86%
New Zealand
86%
Niger
86%
North Korea
86%
Norway
86%
Oman
86%
Poland
86%
Portugal
86%
Republic of the Congo
86%
Romania
86%
Russia
86%
Saudi Arabia
86%
Slovakia
86%
South Korea
86%
Spain
86%
Suriname
86%
Sweden
86%
Switzerland
86%
Thailand
86%
Tunisia
86%
Turkey
86%
Ukraine
86%
United Arab Emirates
86%
United Kingdom
86%
Vietnam
86%
Albania
79%
Bahrain
79%
Bulgaria
79%
Cambodia
79%
Chad
79%
Colombia
79%
Croatia
79%
Cyprus
79%
Czech Republic
79%
Denmark
79%
Egypt
79%
Ghana
79%
Iran
79%
Iraq
79%
Israel
79%
Kazakhstan
79%
Kenya
79%
Kuwait
79%
Laos
79%
Libya
79%
Luxembourg
79%
Malaysia
79%
Mali
79%
Malta
79%
Mongolia
79%
Morocco
79%
Nepal
79%
Netherlands
79%
Nigeria
79%
North Macedonia
79%
Panama
79%
Peru
79%
Qatar
79%
Slovenia
79%
South Africa
79%
Taiwan
79%
Vatican City
79%
Yemen
79%
Zambia
79%
Afghanistan
71%
Algeria
71%
Andorra
71%
Angola
71%
Bahamas
71%
Belize
71%
Bhutan
71%
Costa Rica
71%
São Tomé and Príncipe
71%
Dominican Republic
71%
Ecuador
71%
El Salvador
71%
Equatorial Guinea
71%
Fiji
71%
Georgia
71%
Guatemala
71%
Guinea
71%
Guyana
71%
Haiti
71%
Jordan
71%
Kosovo
71%
Lebanon
71%
Liechtenstein
71%
Mozambique
71%
Myanmar
71%
Nicaragua
71%
Pakistan
71%
Papua New Guinea
71%
Paraguay
71%
Philippines
71%
Senegal
71%
Serbia
71%
Seychelles
71%
Somalia
71%
Sudan
71%
Syria
71%
Turkmenistan
71%
Uruguay
71%
Uzbekistan
71%
Venezuela
71%
Zimbabwe
71%
Armenia
64%
Azerbaijan
64%
Bangladesh
64%
Barbados
64%
Cape Verde
64%
Djibouti
64%
Dominica
64%
Eswatini
64%
Federated States of Micronesia
64%
Honduras
64%
Jamaica
64%
Kiribati
64%
Kyrgyzstan
64%
Lesotho
64%
Liberia
64%
Malawi
64%
Moldova
64%
Montenegro
64%
Namibia
64%
Rwanda
64%
Samoa
64%
San Marino
64%
Singapore
64%
Sri Lanka
64%
Tajikistan
64%
Tuvalu
64%
Uganda
64%
Antigua and Barbuda
57%
Benin
57%
Botswana
57%
Brunei
57%
Burkina Faso
57%
Burundi
57%
Cameroon
57%
Comoros
57%
Central African Republic
57%
East Timor
57%
Eritrea
57%
Ethiopia
57%
Gabon
57%
Gambia
57%
Grenada
57%
Guinea-Bissau
57%
Ivory Coast
57%
Maldives
57%
Marshall Islands
57%
Mauritania
57%
Mauritius
57%
Monaco
57%
Nauru
57%
Palau
57%
Saint Kitts and Nevis
57%
Saint Lucia
57%
Saint Vincent and the Grenadines
57%
Sierra Leone
57%
Solomon Islands
57%
South Sudan
57%
Tanzania
57%
Togo
57%
Tonga
57%
Trinidad and Tobago
57%
Vanuatu
57%
No matching quizzes found
Score Distribution
Percent of People with Each Score
Percentile by Number Answered
Your Score History
You have not taken this quiz